Technológia stavebných procesov I.

Uložené v:
Podrobná bibliografia
Hlavní autori: Kintly, Belo (Autor), Kolárik, Jarolím (Autor)
Médium: Kniha
Jazyk:Slovak
Vydavateľské údaje: Bratislava : SVŠT v Bratislave, 1979
Tagy: Pridať tag
Žiadne tagy, Buďte prvý, kto otaguje tento záznam!

MARC

LEADER 00000nam a22000003a 4500
001 stu90969
005 20150617225622.9
008 041013s1979----cs------------------slo-d
040 |a STU  |b slo 
041 0 |a slo 
044 |a cs 
080 |a 624.05(075.8) 
080 |a 69.05(075.8) 
100 1 |a Kintly, Belo  |4 aut 
245 1 |a Technológia stavebných procesov I. 
260 |a Bratislava :  |b SVŠT v Bratislave,  |c 1979 
300 |a 151 s 
700 1 |a Kolárik, Jarolím  |4 aut 
996 |b 284V025342  |c V*6201/S-79  |l VVS  |s A  |a 24  |w stu90969_0001 
996 |b 284V025341  |c V*6200/S-79  |l VVS  |s A  |a 24  |w stu90969_0003